Бизнес-план: основные проблемы и ошибки, возникающие при его написании

Detalhes bibliográficos
Autor principal: Орлова Е. Р. Елена Роальдовна
Resumo:В пособии рассмотрены вопросы, связанные с составлением и оценкой бизнес-планов, выделены основные проблемы и наиболее частые ошибки, встречающиеся при их написании. Зачем нужны экспресс-анализ и мониторинг бизнес-планов? Какие программные продукты рекомендуется использовать? В чем разница между требованиями отечественных и иностранных инвесторов к бизнес-плану? Каково место бизнес-плана в антикризисном управлении? Для студентов и преподавателей вузов; для всех, кто хотел бы успешно вложить средства в реальное дело. Изложенные подходы помогут избежать многих ошибок и принять правильные решения.
Idioma:russo
Publicado em: Москва, Омега-Л, 2005
Edição:3-е изд., стер.
Colecção:Оптимизация бизнес-процессов
Assuntos:
Formato: MixedMaterials Livro
KOHA link:https://koha.lib.tpu.ru/cgi-bin/koha/opac-detail.pl?biblionumber=82892

MARC

LEADER 00000nam0a2200000 4500
001 82892
005 20231031095915.0
010 |a 5981196157 
035 |a (RuTPU)RU\TPU\book\89085 
035 |a RU\TPU\book\64192 
090 |a 82892 
100 |a 20051007d2004 km y0rusy50 ca 
101 0 |a rus 
102 |a RU 
105 |a y z 001zy 
200 1 |a Бизнес-план: основные проблемы и ошибки, возникающие при его написании  |f Е. Р. Орлова 
205 |a 3-е изд., стер. 
210 |a Москва  |c Омега-Л  |d 2005 
215 |a 152 с. 
225 1 |a Оптимизация бизнес-процессов 
320 |a Библиогр.: с. 139. 
320 |a Глоссарий: с. 118-138. 
330 |a В пособии рассмотрены вопросы, связанные с составлением и оценкой бизнес-планов, выделены основные проблемы и наиболее частые ошибки, встречающиеся при их написании. Зачем нужны экспресс-анализ и мониторинг бизнес-планов? Какие программные продукты рекомендуется использовать? В чем разница между требованиями отечественных и иностранных инвесторов к бизнес-плану? Каково место бизнес-плана в антикризисном управлении? Для студентов и преподавателей вузов; для всех, кто хотел бы успешно вложить средства в реальное дело. Изложенные подходы помогут избежать многих ошибок и принять правильные решения. 
610 1 |a экономика 
610 1 |a предприятия 
610 1 |a фирмы 
610 1 |a бизнес-планирование 
610 1 |a бизнес-планы 
610 1 |a составление 
610 1 |a написание 
610 1 |a инвестиционные проекты 
610 1 |a примеры 
686 |a У9(2)29-2  |v LBC/SL-A  |2 rubbk 
700 1 |a Орлова  |b Е. Р.  |g Елена Роальдовна 
801 1 |a RU  |b 63413507  |c 20040218  |g PSBO 
801 2 |a RU  |b 63413507  |c 20120209  |g PSBO 
942 |c BK 
959 |a 17/20050218  |d 1  |e 38,50  |f АНЛ:1